[Event "Asia-ch U20"]
[Site "Tagaytay City"]
[Date "2014.12.03"]
[Round "8"]
[White "Samantila, Daryl Unix"]
[Black "Bilguun, Sumiya"]
[Result "1/2-1/2"]
[WhiteElo "1948"]
[BlackElo "2249"]
[PlyCount "67"]
[EventDate "2014.11.29"]
[EventType "swiss"]
[EventRounds "9"]
[EventCountry "PHI"]
[SourceTitle "EXT 2016"]
[Source "ChessBase"]
[SourceDate "2015.10.08"]
[SourceVersion "1"]
[SourceVersionDate "2015.10.08"]
[SourceQuality "1"]

1. d4 d5 2. Nf3 c6 3. c3 Nf6 4. Bf4 Nbd7 5. e3 g6 6. Bd3 Bg7 7. 0-0 0-0 8. h3 Re8 9. Nbd2 Nh5 10. Bh2 e5 11. Nxe5 Nxe5 12. Bxe5 Bxe5 13. dxe5 Rxe5 14. Qf3 Qg5 15. Rad1 Be6 16. Nb3 Re8 17. Nd4 Bd7 18. Ne2 R5e6 19. g3 R6e7 20. h4 Qh6 21. Nf4 Nxf4 22. Qxf4 Qh5 23. Rd2 Bg4 24. Kg2 Kg7 25. Re1 h6 26. f3 Bc8 27. Rde2 c5 28. Rh1 f6 29. Qd6 b6 30. Bb5 Re6 31. Qc7+ R6e7 32. Qd6 Re6 33. Qc7+ R6e7 34. Qd6 1/2-1/2

[Event "Asia-ch U20"]
[Site "Tagaytay City"]
[Date "2014.12.02"]
[Round "6"]
[White "Bersamina, Paulo"]
[Black "Samantila, Daryl Unix"]
[Result "1-0"]
[WhiteElo "2391"]
[BlackElo "1948"]
[PlyCount "125"]
[EventDate "2014.11.29"]
[EventType "swiss"]
[EventRounds "9"]
[EventCountry "PHI"]
[SourceTitle "EXT 2016"]
[Source "ChessBase"]
[SourceDate "2015.10.08"]
[SourceVersion "1"]
[SourceVersionDate "2015.10.08"]
[SourceQuality "1"]

1. d4 d5 2. c4 c6 3. Nf3 Nf6 4. Nc3 a6 5. c5 Bf5 6. Bf4 Nbd7 7. e3 g6 8. Be2 Bg7 9. Nd2 h5 10. f3 e5 11. dxe5 Nh7 12. e4 Be6 13. exd5 cxd5 14. Nb3 Nxe5 15. Nd4 Nc6 16. Nxe6 fxe6 17. Bd6 Qa5 18. Qd2 Nf8 19. 0-0 Nd4 20. Qd3 Nf5 21. Kh1 Nxd6 22. cxd6 Qd8 23. Nxd5 Qxd6 24. Nf6+ Ke7 25. Qxd6+ Kxd6 26. Ne4+ Ke7 27. Rac1 Rd8 28. h4 Be5 29. f4 Bb8 30. g3 Nh7 31. Bf3 Rc8 32. Nc5 b6 33. Nxa6 Bd6 34. a3 Nf6 35. Nb4 Bxb4 36. axb4 Rhd8 37. Rxc8 Rxc8 38. Rf2 b5 39. Kg2 Rc4 40. Re2 Rxb4 41. Bb7 Kd6 42. Bf3 Rd4 43. Kh3 b4 44. Re5 Rd2 45. b3 Rd3 46. Be2 Rd5 47. Rg5 Rxg5 48. hxg5 Ne4 49. Kh4 Nf2 50. Bf1 Ke7 51. Bc4 Kf7 52. f5 gxf5 53. Kxh5 Ng4 54. Bb5 Ne5 55. Kh6 Ng4+ 56. Kh7 Ne5 57. Ba4 Nf3 58. g6+ Kf6 59. Bc6 Ng5+ 60. Kh6 Nf7+ 61. gxf7 Kxf7 62. Kg5 Ke7 63. Bb5 1-0

[Event "ASEAN-ch U14 13th"]
[Site "Hue"]
[Date "2012.06.17"]
[Round "7"]
[White "Truong, Tan Thanh"]
[Black "Samantila, Daryl Unix"]
[Result "1/2-1/2"]
[WhiteElo "1835"]
[BlackElo "1770"]
[PlyCount "106"]
[EventDate "2012.06.11"]
[EventType "swiss"]
[EventRounds "9"]
[EventCountry "VIE"]
[SourceTitle "CBM 149 Extra"]
[Source "ChessBase"]
[SourceDate "2012.08.24"]
[SourceVersion "1"]
[SourceVersionDate "2012.08.24"]
[SourceQuality "1"]

1. d4 d5 2. c4 c6 3. Nf3 Nf6 4. e3 e6 5. Bd3 Nbd7 6. 0-0 Be7 7. b3 0-0 8. Bb2 b6 9. Nc3 Bb7 10. Qc2 c5 11. cxd5 exd5 12. Rac1 Bd6 13. Nb5 Be7 14. Rfd1 a6 15. Nc3 cxd4 16. Nxd4 Nc5 17. Bf5 g6 18. Bh3 Nce4 19. Nxe4 Nxe4 20. Nc6 Qc7 21. Nxe7+ Qxe7 22. Qc7 Qxc7 23. Rxc7 Rab8 24. Be6 Nc5 25. Bxd5 Bxd5 26. Rxd5 Rfd8 27. Rxd8+ Rxd8 28. g3 Rb8 29. Rc6 Nd7 30. Bd4 Kf8 31. Kg2 Ke7 32. Kf3 a5 33. Kg4 f6 34. h4 h5+ 35. Kf4 Kf7 36. Rc7 Ke6 37. Rc4 Kd6 38. Rc1 Re8 39. f3 Nf8 40. g4 Ne6+ 41. Kg3 Nxd4 42. exd4 hxg4 43. Kxg4 Re2 44. a4 Rd2 45. Rc8 Rxd4+ 46. f4 Rb4 47. Rg8 Rxb3 48. Rxg6 Ke6 49. Rg7 f5+ 50. Kg5 Rg3+ 51. Kh6 Rg4 52. Rg6+ Kf7 53. Rxb6 Rxf4 1/2-1/2

[Event "ASEAN-ch U14 13th"]
[Site "Hue"]
[Date "2012.06.16"]
[Round "6"]
[White "Samantila, Daryl Unix"]
[Black "Phan, Luong"]
[Result "1/2-1/2"]
[WhiteElo "1770"]
[BlackElo "1829"]
[PlyCount "65"]
[EventDate "2012.06.11"]
[EventType "swiss"]
[EventRounds "9"]
[EventCountry "VIE"]
[SourceTitle "CBM 149 Extra"]
[Source "ChessBase"]
[SourceDate "2012.08.24"]
[SourceVersion "1"]
[SourceVersionDate "2012.08.24"]
[SourceQuality "1"]

1. d4 d5 2. c4 e6 3. Nc3 Nf6 4. Nf3 Be7 5. e3 0-0 6. Bd3 b6 7. 0-0 Bb7 8. cxd5 Nxd5 9. e4 Nxc3 10. bxc3 c5 11. Rb1 Nd7 12. Bf4 Nf6 13. Qe2 Ne8 14. Rfd1 cxd4 15. cxd4 Bd6 16. e5 Be7 17. Rbc1 Bd5 18. Bb1 f5 19. exf6 Bxf6 20. Ne5 Bxe5 21. Bxe5 Qg5 22. f4 Qe7 23. Rd3 Nf6 24. Rc7 Qb4 25. Rb3 Bxb3 26. Bxf6 Rxf6 27. Qe4 g6 28. Qxa8+ Rf8 29. Qe4 Bd5 30. Qe5 Qxb1+ 31. Kf2 Qxa2+ 32. Ke3 Qb3+ 33. Kf2 1/2-1/2

[Event "ASEAN-ch U14 13th"]
[Site "Hue"]
[Date "2012.06.12"]
[Round "2"]
[White "Ding, Tze How Dilwen"]
[Black "Samantila, Daryl Unix"]
[Result "0-1"]
[WhiteElo "1726"]
[BlackElo "1770"]
[PlyCount "126"]
[EventDate "2012.06.11"]
[EventType "swiss"]
[EventRounds "9"]
[EventCountry "VIE"]
[SourceTitle "CBM 149 Extra"]
[Source "ChessBase"]
[SourceDate "2012.08.24"]
[SourceVersion "1"]
[SourceVersionDate "2012.08.24"]
[SourceQuality "1"]

1. e4 e6 2. d4 d5 3. Nd2 Nf6 4. e5 Nfd7 5. Bd3 c5 6. c3 Nc6 7. Ne2 Qb6 8. Nf3 cxd4 9. cxd4 f6 10. exf6 Nxf6 11. 0-0 Bd6 12. b3 e5 13. dxe5 Nxe5 14. Nxe5 Bxe5 15. Be3 Qd8 16. Rc1 0-0 17. Bb1 Bg4 18. f3 Bh5 19. Nf4 Bf7 20. Nh3 Re8 21. Qd2 Bc7 22. Bg5 Qd6 23. Bf4 Qb6+ 24. Kh1 Bxf4 25. Qxf4 Qe3 26. Qxe3 Rxe3 27. Rc7 d4 28. Ng5 Bd5 29. Rfc1 Bc6 30. Bf5 Rae8 31. Kg1 h6 32. Nh3 Nd5 33. Rc8 Rxc8 34. Bxc8 d3 35. Rd1 Nc3 36. Rd2 Nb1 37. Kf2 Re8 38. Rd1 Re2+ 39. Kf1 Nd2+ 40. Kg1 Bxf3 41. Nf4 Rxg2+ 42. Nxg2 Bxd1 43. Bxb7 Nf3+ 44. Kf2 Nxh2 45. Ke3 Bc2 46. Ne1 Nf1+ 47. Kf2 d2 48. Bd5+ Kf8 49. Bf3 dxe1Q+ 50. Kxe1 Ng3 51. Kd2 Be4 52. Bd1 Ke7 53. Ke3 g5 54. b4 Kd6 55. a4 Ke5 56. b5 Nf5+ 57. Kd2 Nd6 58. Be2 Kd4 59. Bd1 Bd3 60. Bh5 Nc4+ 61. Kc1 Kc3 62. Be8 Nb2 63. a5 Bc2 0-1